000 00649nam a2200181 i 4500
001 51386
003 ES-MaACL
007 t|
008 030812s1916 fr ||||1| fre d
100 0 _aChesterton, G. K.,
_d1874-1936
_938399
245 1 4 _aLes crimes de l'Anglaterre /
_cG.K. Chesterton ; introduction de Charles Sarolea ; traduction de Charles Grolleau.
260 _aParĂ­s :
_bGeorges Cres et Cie,
_c[1916] (
_eTours :
_fE. Arrault et Cie)
300 _a273 p. :
_b1 retr. aut. ;
_c21 cm.
700 1 _aSarolea, Charles.
_9103841
700 1 _aGrolleau, Charles.
_960120
852 _aES-MaACL
_jG-6311
999 _c51386
_d51386